[Event "FIN-chT 2022"]
[Site "Finland"]
[Date "2022.04.09"]
[Round "8.4"]
[White "Lehtinen, Helja"]
[Black "Henriksson, Svante"]
[Result "1/2-1/2"]
[WhiteElo "1900"]
[BlackElo "2124"]
[PlyCount "98"]
[EventDate "2020.09.12"]
[EventType "team-tourn"]
[EventRounds "11"]
[EventCountry "FIN"]
[SourceTitle "EXT 2023"]
[Source "ChessBase"]
[SourceDate "2022.10.05"]
[SourceVersion "1"]
[SourceVersionDate "2022.10.05"]
[SourceQuality "1"]
[WhiteTeam "Helsinki Aatos"]
[BlackTeam "Helsinki Ninja"]
[WhiteTeamCountry "FIN"]
[BlackTeamCountry "FIN"]

1. Nf3 Nf6 2. b3 c5 3. c4 b6 4. d4 cxd4 5. Nxd4 Bb7 6. Bb2 d6 7. Nc3 e6 8. e3 Be7 9. Bd3 Nc6 10. Nce2 Ne5 11. f3 Nxd3+ 12. Qxd3 0-0 13. 0-0 a6 14. Rfd1 Qc7 15. Rac1 Rfd8 16. Ng3 Rac8 17. e4 Qb8 18. Qe2 Rd7 19. Nc2 Qc7 20. Ne3 Ne8 21. Ng4 h5 22. Ne3 h4 23. Ngf1 Bc6 24. Ng4 Qb7 25. Nfe3 b5 26. Qe1 bxc4 27. Rxc4 Rdc7 28. Rdc1 Bb5 29. Rxc7 Rxc7 30. Rxc7 Qxc7 31. Qc3 Kf8 32. Qxc7 Nxc7 33. Kf2 g6 34. a4 Bc6 35. Nf6 Ne8 36. Neg4 e5 37. Nxe8 Kxe8 38. Ne3 Kd7 39. Nd5 Bd8 40. Nb4 Bb7 41. Ke2 Ba5 42. Bc3 Ke6 43. Kd3 f5 44. h3 fxe4+ 45. fxe4 Bxb4 46. Bxb4 d5 47. Be1 dxe4+ 48. Ke3 g5 49. Ba5 Kf5 1/2-1/2

[Event "EU-ch Online U18 Girls"]
[Site "Tornelo INT"]
[Date "2020.09.20"]
[Round "7"]
[White "Chatzipanagiotou, Asimenia"]
[Black "Lehtinen, Helja"]
[Result "0-1"]
[WhiteElo "1591"]
[BlackElo "1880"]
[PlyCount "72"]
[EventDate "2020.09.18"]
[EventType "swiss (rapid)"]
[EventRounds "9"]
[EventCountry "ENG"]
[SourceTitle "CBM 198 Extra"]
[Source "ChessBase"]
[SourceDate "2020.11.30"]
[SourceVersion "1"]
[SourceVersionDate "2020.11.30"]
[SourceQuality "1"]

1. e4 c5 2. Nf3 e6 3. d4 cxd4 4. Nxd4 Nf6 5. Nc3 Nc6 6. Ndb5 Bb4 7. a3 Bxc3+ 8. Nxc3 d5 9. exd5 exd5 10. Bg5 d4 11. Nb5 a6 12. Bxf6 gxf6 13. Qf3 axb5 14. Qe4+ Be6 15. f4 f5 16. Qd3 Qa5+ 17. Kf2 b4 18. a4 Qd5 19. Be2 b3 20. Rhe1 bxc2 21. Qxc2 0-0 22. Bf3 Qc4 23. Qxc4 Bxc4 24. Rec1 Bb3 25. Ra3 Be6 26. Bxc6 bxc6 27. Rxc6 Rfc8 28. Rxc8+ Rxc8 29. b4 Rc2+ 30. Kg1 Rc3 31. Ra1 d3 32. a5 d2 33. Rd1 Rc1 34. a6 Rxd1+ 35. Kf2 Ra1 36. a7 d1Q 0-1

[Event "EU-ch Online U18 Girls"]
[Site "Tornelo INT"]
[Date "2020.09.19"]
[Round "5"]
[White "Lehtinen, Helja"]
[Black "Mkrtchyan, Anahit D"]
[Result "0-1"]
[WhiteElo "1880"]
[BlackElo "1801"]
[PlyCount "104"]
[EventDate "2020.09.18"]
[EventType "swiss (rapid)"]
[EventRounds "9"]
[EventCountry "ENG"]
[SourceTitle "CBM 198 Extra"]
[Source "ChessBase"]
[SourceDate "2020.11.30"]
[SourceVersion "1"]
[SourceVersionDate "2020.11.30"]
[SourceQuality "1"]

1. d4 d5 2. c4 dxc4 3. e3 e5 4. Bxc4 exd4 5. exd4 Bd6 6. Nf3 Nf6 7. 0-0 0-0 8. h3 h6 9. Nc3 Nbd7 10. a3 Nb6 11. Ba2 Bf5 12. Ne5 c6 13. Be3 Qc7 14. Qf3 Bh7 15. Bxh6 Bxe5 16. dxe5 Qxe5 17. Bf4 Qf5 18. Bb1 Qc5 19. Be3 Qc4 20. Ba2 Qd3 21. Rfd1 Qf5 22. Qg3 Rad8 23. Rxd8 Rxd8 24. Qc7 Qd7 25. Bxb6 axb6 26. Qxb6 Bc2 27. Re1 Qd2 28. Re2 Qc1+ 29. Kh2 Rd3 30. Qc5 Qxb2 31. Qc4 Qxc3 32. Qxf7+ Kh7 33. Be6 Rd6 34. Bg4 Nxg4+ 35. hxg4 Bg6 36. Qf3 Qxf3 37. gxf3 Rd3 38. Kg3 Rxa3 39. Re7 b5 40. Rc7 Rc3 41. Kg2 b4 42. f4 Be4+ 43. Kg1 Rc1+ 44. Kh2 b3 45. Rb7 Bc2 46. f5 Rf1 47. Kg2 Re1 48. f6 Be4+ 49. Kg3 Bd5 50. f7 Bxf7 51. Rxf7 b2 52. Rb7 b1Q 0-1

[Event "EU-chT (Women) 22nd"]
[Site "Batumi"]
[Date "2019.10.28"]
[Round "5.12"]
[White "Lehtinen, Helja"]
[Black "Motycakova, Monika"]
[Result "0-1"]
[WhiteElo "1802"]
[BlackElo "2126"]
[PlyCount "114"]
[EventDate "2019.10.24"]
[EventType "team-swiss"]
[EventRounds "9"]
[EventCountry "GEO"]
[SourceTitle "CBM 192 Extra"]
[Source "Chessbase"]
[SourceDate "2019.11.06"]
[SourceVersion "1"]
[SourceVersionDate "2019.11.06"]
[SourceQuality "1"]
[WhiteTeam "Finland (W)"]
[BlackTeam "Slovakia (W)"]
[WhiteTeamCountry "FIN"]
[BlackTeamCountry "SVK"]

1. d4 Nf6 2. c4 e6 3. Nc3 Bb4 4. e3 b6 5. Nge2 Ba6 6. a3 Be7 7. Ng3 d5 8. cxd5 Bxf1 9. Nxf1 exd5 10. Ng3 Qd7 11. 0-0 0-0 12. Qc2 Re8 13. b4 c6 14. Bb2 a5 15. Na4 Qa7 16. Bc3 axb4 17. axb4 Qb7 18. Qb3 Nbd7 19. Bb2 Bf8 20. Nc3 b5 21. Rfc1 Nb6 22. Nf1 Nc4 23. Rd1 Qe7 24. Rxa8 Rxa8 25. Na2 Ra4 26. Ra1 Qa7 27. Bc3 Ne4 28. Be1 Bd6 29. f3 Nf6 30. Bc3 h6 31. Qb1 Qe7 32. Qe1 Ra3 33. Kh1 Qa7 34. Qb1 Qa4 35. Kg1 Nd7 36. Kh1 Nb8 37. e4 Na6 38. exd5 cxd5 39. Kg1 Nxb4 40. Nxb4 Rxa1 41. Qxa1 Qxa1 42. Bxa1 Bxb4 43. Kf2 Bd6 44. Ke2 Kf8 45. h3 Ke7 46. Ne3 Ke6 47. Kd3 Nxe3 48. Kxe3 Kf5 49. Bb2 Be7 50. Ke2 Kf4 51. Kf2 Bh4+ 52. Ke2 Kg3 53. Kf1 b4 54. Bc1 Bg5 55. Bb2 h5 56. Kg1 Bd2 57. Kf1 Bc3 0-1

[Event "Helsinki U20 Girls"]
[Site "Helsinki"]
[Date "2019.08.16"]
[Round "5"]
[White "Narva, Mai"]
[Black "Lehtinen, Helja"]
[Result "1-0"]
[WhiteElo "2358"]
[BlackElo "1818"]
[PlyCount "67"]
[EventDate "2019.08.14"]
[EventType "tourn"]
[EventRounds "9"]
[EventCountry "FIN"]
[SourceTitle "CBM 191 Extra"]
[Source "ChessBase"]
[SourceDate "2019.09.30"]
[SourceVersion "1"]
[SourceVersionDate "2019.09.30"]
[SourceQuality "1"]

1. e4 c5 2. Nf3 e6 3. c3 Nf6 4. e5 Nd5 5. d4 cxd4 6. cxd4 d6 7. Bc4 Be7 8. 0-0 0-0 9. Qe2 b6 10. Qe4 dxe5 11. dxe5 Ba6 12. b3 Bxc4 13. bxc4 Nc7 14. Nc3 Nba6 15. Rd1 Qe8 16. Ng5 Bxg5 17. Bxg5 f6 18. exf6 gxf6 19. Bh6 Rf7 20. Rd3 Kh8 21. Qg4 Nc5 22. Rg3 Qe7 23. f4 Re8 24. Re1 Qd7 25. h3 Qd4+ 26. Kh2 Qd7 27. Qh5 Rfe7 28. Rd1 Qc8 29. Qh4 Rf7 30. Bg7+ Rxg7 31. Qxf6 Reg8 32. Rxg7 Ne8 33. Rxg8+ Kxg8 34. Rd8 1-0

[Event "Helsinki HSL Easter op"]
[Site "Helsinki"]
[Date "2019.04.21"]
[Round "5"]
[White "Lauronen, Timo"]
[Black "Lehtinen, Helja"]
[Result "1/2-1/2"]
[WhiteElo "2061"]
[BlackElo "1659"]
[PlyCount "67"]
[EventDate "2019.04.19"]
[EventType "swiss"]
[EventRounds "6"]
[EventCountry "FIN"]
[SourceTitle "CBM 195 Extra"]
[Source "ChessBase"]
[SourceDate "2020.05.31"]
[SourceVersion "1"]
[SourceVersionDate "2020.05.31"]
[SourceQuality "1"]

1. c4 Nf6 2. Nc3 g6 3. d4 Bg7 4. e4 d6 5. Nf3 0-0 6. Be2 Nbd7 7. 0-0 e5 8. d5 Nc5 9. Qc2 a5 10. Be3 b6 11. a3 a4 12. Bxc5 bxc5 13. Nd2 Bd7 14. b4 axb3 15. Nxb3 Ng4 16. Nd2 Nh6 17. Rfb1 f5 18. Bd3 f4 19. Be2 g5 20. h3 g4 21. hxg4 Bxg4 22. Bxg4 Nxg4 23. Nf3 Bf6 24. Rb3 Qe7 25. Kf1 Bh4 26. Nd1 Kh8 27. Nxh4 Qxh4 28. Rh3 Qg5 29. f3 Nf6 30. Nc3 Nh5 31. a4 Ng3+ 32. Kg1 Rfb8 33. Nb5 Qe7 34. Ra2 1/2-1/2